00309nam a2200133Ia 4500008004100000020001800041082001700059100001900076245003300095250000800128260002300136300000800159650000800167191201s2007 xx 000 0 und d a9780070486935 a005.133bABB aABBEY, Michael 0aOracle 9i A Beginner's Guide aRep aN.DelhibTMHc2007 a515 aMCA